01362nam a2200289 a 450000500170000000800410001702000150005804100080007310000200008124501210010125000570022226000340027930000160031350001680032965300480049765300500054565300460059565300630064165300480070465300500075265300460080265300630084865300440091165300640095565300330101970000200105220240528111823.0101001s1991||||sp il. f |||| 001 0 spa d a8431104058 aspa1 aRouviere, Henri aAnatomía Humana. Descriptiva, topográfica y funcional. bT.3 Miembros - Sistema Nervioso Central /cH. Rouviere. a8a ed. en español bTraducción E. Acosta Vidrio  aBarcelona:bBarcelona;c1991. a767 p.bil. aRouviere, H. y Delmas, A. (1991). Anatomía Humana. Descriptiva, topográfica y funcional. T.3 Miembros - Sistema Nervioso Central. (8a ed.). Barcelona : Masson. aAnatomía descriptiva del miembro superior aAnatomía topográfica del miembro superior aAnatomía funcional del miembro superior aTerritorios de inervación funcional del miembro superior aAnatomía descriptiva del miembro inferior aAnatomía topográfica del miembro inferior aAnatomía funcional del miembro inferior aTerritorios de inervación funcional del miembro inferior aSistema Nervioso Central Cerebroespinal aSistema Nervioso Central de la vida vegetativa u orgánica aMeninges. Vasos del neuroeje1 aDelmas, André